| 000 | 01143cam a2200289 a 4500 | ||
|---|---|---|---|
| 999 |
_c18398 _d18398 |
||
| 001 | 13600179 | ||
| 003 | OSt | ||
| 005 | 20161219092810.0 | ||
| 008 | 040520s2005 maua b 001 0 eng | ||
| 010 | _a 2004050545 | ||
| 020 | _a0205406157 (casebound : alk. paper) | ||
| 020 | _a0205439314 (paper : alk. paper) | ||
| 040 |
_aDLC _cDLC _dDLC |
||
| 042 | _apcc | ||
| 050 | 0 | 0 |
_aHQ21 _b.R23 2005 |
| 082 | 0 | 0 |
_a306.7 _222 |
| 100 | 1 | _aRathus, Spencer A. | |
| 245 | 1 | 0 |
_aHuman sexuality in a world of diversity / _cSpencer A. Rathus, Jeffrey S. Nevid, Lois Fichner-Rathus. |
| 250 | _a6th ed. | ||
| 260 |
_aBoston : _bPearson Allyn and Bacon, _cc2005. |
||
| 300 |
_axxxi, 663, [52] p. : _bcol. ill. ; _c28 cm. |
||
| 504 | _aIncludes bibliographical references ([R1]-R21) and indexes. | ||
| 650 | 0 | _aSex. | |
| 700 | 1 | _aNevid, Jeffrey S. | |
| 700 | 1 |
_aFichner-Rathus, Lois, _d1953- |
|
| 906 |
_a7 _bcbc _corignew _d1 _eocip _f20 _gy-gencatlg |
||
| 942 |
_2lcc _cBOOKS _hHQ 21 .R23 2005 |
||